000 00592cam a2200193 4500
001 WB3938-15
008 031008n2003 000 0 eng u
035 _a(Sirsi) u123867
245 _aTurkey opens up to international property buyers.
260 _c2003
490 _aEuroProperty
_vOctober 2003, 3(1)
520 _aUnder new Turkish legislation, foreign investors in Turkish property can now buy assets without the need to form a local subsidiary
590 _aWB
650 _aTURKEY
650 _aInvestments
_96250
650 _aPROPERTY
690 _aINVESTMENT
942 _n0
999 _c73568
_d73568